000 00673nam a22001937a 4500
999 _c8840
_d8840
003 AR-CdUCM
008 190326b ||||| |||| 00| 0 spa d
040 _aMUNICIPALIDAD PROVINCIAL DEL CUSCO
_cBIBLIOTECA MUNICIPAL DEL CUSCO
082 _a800.953 /
_bW31
100 _aWast, Hugo
_924614
245 _aConfidencias de un novelista /
260 _aBuenos Aires :
_bHugo Wast,
_c1931.
300 _a284 páginas ;
_c19 cm.
505 _aLa arquitectura de la novela -- La composición de la novelas -- El novelista en su taller -- La novela de mi primera novela ...
650 _aNovelas españolas
_9584
650 _aSiglo XX.
_98
942 _2ddc
_cLIBROS
945 _aacv